| 000 | 00602cam a22001815a 4500 | ||
|---|---|---|---|
| 001 | L156277 | ||
| 008 | 120510s1869 xxk f 000 0 eng d | ||
| 035 | _a(Sirsi) u156277 | ||
| 041 | 0 | _aeng | |
| 110 | 2 |
_aGreat Britain _bParliament _bHouse of Commons _96039 |
|
| 245 | 0 | 0 | _aReport from the Select Committee on the New Law Courts; together with the proceedings of the committee, minutes of evidence, and appendix |
| 260 | _c1869 | ||
| 300 | _a238 p. | ||
| 583 | 0 |
_aCondition reviewed _c20120620 _lcondition level 1 |
|
| 651 | 4 |
_aGreat Britain _y1707- |
|
| 690 |
_aInfrastructure _96246 |
||
| 942 | _n0 | ||
| 999 |
_c114148 _d114148 |
||